000
00305nam a22001337a 4500
005
20170816113758.0
008
170816b xxu||||| |||| 00| 0 eng d
040
_c
PK-LaUMT
082
_a
ZIAC 297
_b
ISL-
245
_a
Islam a brief guide/
260
_a
Karachi:
_b
[ ]
_c
[' ]
300
_a
[ ]
942
_c
BK
999
_c
97192
_d
97192